[Aarndt Kiehnle, Bernd Mertens, Gottfried Schiemann (Hrsg.): Festschrift für Jan Schröder zum 70. Geburtstag am 28. Mai 2013]

Titel: [Aarndt Kiehnle, Bernd Mertens, Gottfried Schiemann (Hrsg.): Festschrift für Jan Schröder zum 70. Geburtstag am 28. Mai 2013] / Sebastian Lohsse
Verfasser:
In: Zeitschrift für neuere Rechtsgeschichte, Band 38 (2016), Seite 114-115
alle Artikel anzeigen
Veröffentlicht: 2016
Format: Aufsatz
Sprache: Deutsch
Schlagworte:
Kein Bild verfügbar
X
alg: 42649484
001A    $03025:16-02-18 
001B    $01999:18-03-23 $t01:50:13.000 
001C    $03025:16-02-18 $t11:15:44.000 
001D    $03025:16-02-18 
001U    $0utf8 
001X    $00 
002@    $0Aou 
002C    $aText $btxt $2rdacontent 
002D    $aohne Hilfsmittel zu benutzen $bn $2rdamedia 
002E    $aBand $bnc $2rdacarrier 
003@    $0426494849 
007A    $0426494849 $aHEB 
010@    $ager 
010E    $erda 
011@    $a2016 
013D    $#Newspapers Sections, columns, etc. Reviews $#Book reviewing $#Journaux Cahiers, chroniques, etc. Comptes rendus $#Livres Recension $#Rezension $#Buchbesprechung $#Buchrezension $#Buchkritik $74049712-4 $8Rezension [Ts1] $9085138568 
021A    $a[Aarndt Kiehnle, Bernd Mertens, Gottfried Schiemann (Hrsg.): Festschrift für Jan Schröder zum 70. Geburtstag am 28. Mai 2013] $hSebastian Lohsse 
028A    $BVerfasser $4aut $7136315666 $8Lohsse, Sebastian$Z1977- [Tp3] $920446143X 
031A    $d38 $h114-115 $j2016 
039B    $aEnthalten in $8--Abvc--. Zeitschrift für neuere Rechtsgeschichte. - Wien : Manz, 1979-. - ISSN 0250-6459 $x201600000380000886 $9048077585 
039T    $8--Aau--. Festschrift für Jan Schröder zum 70. Geburtstag am 28. Mai 2013. - Tübingen : Mohr Siebeck, 2013. - X, 810 Seiten. - 1 Illustrationen. - ISBN 3-16-152658-9 $9325299676 
045T    $aINTRECHT $qDE-1a $2FID 
045T    $a2 

lok: 42649484 78

exp: 42649484 78 1 #EPN
201B/01 $016-02-18 $t11:15:44.000 
201C/01 $016-02-18 
201U/01 $0utf8 
203@/01 $01018120998 
208@/01 $a16-02-18 $be 
209A/01 $a/ $f000 $x00 
209A/01 $ab*p $x01 
220C/01 $apgar 
247C/01 $82080>Marburg/Lahn, Herder-Institut, Forschungsbibliothek, Bibliographieportal $9336309341
LEADER 00000caa a2200000 c 4500
001 426494849
003 DE-603
005 20230318015013.0
007 tu
008 180216s2016 xx |||| | u00||u|ger c
035 |a (DE-599)HEB426494849 
040 |a DE-603  |b ger  |c DE-603  |d DE-603  |e rda 
041 |a ger 
084 |a INTRECHT  |q DE-1a  |2 fid 
084 |a 2  |2 ssgn 
100 1 |a Lohsse, Sebastian  |d 1977-  |e Verfasser  |4 aut  |0 (DE-603)20446143X  |0 (DE-588)136315666  |2 gnd 
245 0 0 |a [Aarndt Kiehnle, Bernd Mertens, Gottfried Schiemann (Hrsg.): Festschrift für Jan Schröder zum 70. Geburtstag am 28. Mai 2013]  |c Sebastian Lohsse 
264 0 |c 2016 
336 |a Text  |b txt  |2 rdacontent 
337 |a ohne Hilfsmittel zu benutzen  |b n  |2 rdamedia 
338 |a Band  |b nc  |2 rdacarrier 
655 7 |a Rezension  |2 gnd-content  |0 (DE-588)4049712-4  |0 (DE-603)085138568 
773 0 8 |i Enthalten in  |t Zeitschrift für neuere Rechtsgeschichte  |d Wien : Manz, 1979-  |x 0250-6459  |g Band 38 (2016), Seite 114-115  |w (DE-603)048077585  |w (DE-600)800888-7 
787 0 8 |i Rezension von  |t Festschrift für Jan Schröder zum 70. Geburtstag am 28. Mai 2013  |d Tübingen : Mohr Siebeck, 2013  |h X, 810 Seiten, 1 Illustrationen  |z 3161526589  |z 9783161526589  |w (DE-603)325299676 
924 0 |9 2080  |a (DE-603)1018120998  |b DE-2080  |c HES  |d d  |g /